| 000 | 00642nam a2200169Ia 4500 | ||
|---|---|---|---|
| 008 | 090201s9999 xx 000 0 und d | ||
| 010 | _aKPL-59222 | ||
| 040 | _bमराठी | ||
| 041 | _aमराठी | ||
| 082 |
_a4648 _b59222 |
||
| 100 | _aविनायक कुलकर्णी | ||
| 245 |
_aगुंतवणूक आणि आयकर मार्गदर्शन _cविनायक कुलकर्णी |
||
| 260 |
_c2004 _bऔदुंबर प्रकाशन |
||
| 300 |
_a95 _bमोठा |
||
| 600 | _aगुंतवणूक आणि आयकर मार्गदर्शन | ||
| 942 | _cBOOK | ||
| 999 |
_c205666 _d205666 |
||